[Event "AUTO-OPEN-1451"]
[Site "http://www.queenalice.com/game.php?id=634623"]
[Date "2009.8.11"]
[Round "2"]
[White "E62576507"]
[Black "kingdave"]
[Result "1-0"]
[WhiteElo "2114"]
[BlackElo "1976"]

1. e4 c5 2. d3 Nc6 3. g3 g6 4. Bg2 Bg7 5. c3 d6 6. f4 Nf6 7. Nf3 O-O 8. O-O Bg4
9. Be3 b6 10. Nbd2 b5 11. h3 Bxf3 12. Bxf3 Rc8 13. g4 e5 14. f5 a6 15. g5 Nd7
16. f6 Bh8 17. Bg4 Rb8 18. h4 Nxf6 19. gxf6 Bxf6 20. h5 Bg5 21. Qe2 Kh8 22. hxg6
Bxe3+ 23. Qxe3 Qh4 24. Qh3 Qxh3 25. Bxh3 fxg6 26. Rxf8+ Rxf8 27. Rf1 Rf4 28.
Rxf4 exf4 29. Nf3 Ne5 30. Nxe5 dxe5 31. Kf2 h5 32. d4 cxd4 33. cxd4 exd4 34. Kf3
g5 35. Bf1 Kg7 36. a4 h4 37. Kg4 Kg6 38. axb5 axb5 39. Bxb5 Kf6 40. Bd3 Ke5 41.
b4 f3 42. Kxf3 h3 43. Kg3 g4 44. b5 Kd6 45. Be2 Kc5 46. e5 1-0

[Event "AUTO-OPEN-1258"]
[Site "http://www.queenalice.com/game.php?id=648438"]
[Date "2009.9.6"]
[Round "3"]
[White "ishamael13"]
[Black "E62576507"]
[Result "1-0"]
[WhiteElo "1982"]
[BlackElo "2127"]

1. Nf3 c5 2. d4 cxd4 3. Nxd4 Nc6 4. e4 e6 5. Bb5 Bc5 6. Be3 Qb6 7. Bxc6 bxc6 8.
Nc3 e5 9. Nf5 Bxe3 10. Nd6+ Ke7 11. Nf5+ Ke8 12. fxe3 g6 13. Nd6+ Ke7 14. Nc4
Qc5 15. Qd3 Ba6 16. b3 Rd8 17. Na4 Bxc4 18. Nxc5 Bxd3 19. Nxd3 d6 20. Nb4 Rc8
21. c4 Nf6 22. c5 Nxe4 23. cxd6+ Nxd6 24. Rc1 Kd7 25. Nd3 f6 26. O-O Rhf8 27. b4
Nf5 28. e4 Nd4 29. Kh1 1-0

[Event "AUTO-OPEN-1258"]
[Site "http://www.queenalice.com/game.php?id=648439"]
[Date "2009.9.6"]
[Round "3"]
[White "E62576507"]
[Black "ishamael13"]
[Result "1-0"]
[WhiteElo "2118"]
[BlackElo "2004"]

1. e4 e5 2. Nf3 Nc6 3. Bc4 Nf6 4. Ng5 d5 5. exd5 Na5 6. d3 Nxd5 7. Nxf7 Kxf7 8.
Qf3+ Ke8 9. Bxd5 Bb4+ 10. c3 Rf8 11. Qh5+ g6 12. Qxe5+ Qe7 13. Qxe7+ Bxe7 14.
O-O c6 15. Bf3 Bh3 16. Be3 Rd8 17. b4 Rxf3 18. gxf3 Rxd3 19. bxa5 Bf6 20. Re1
Kf7 21. Bd4 Rxf3 22. Bxf6 Rxf6 23. Nd2 g5 24. Ne4 Rg6 25. Rad1 1-0

[Event "Challenge"]
[Site "http://www.queenalice.com/game.php?id=710399"]
[Date "2010.1.8"]
[Round "-"]
[White "E62576507"]
[Black "A19_applelover"]
[Result "1-0"]
[WhiteElo "2111"]
[BlackElo "1100"]

1. e4 c5 2. c4 e6 3. Nc3 b6 4. f4 Bb7 5. Qc2 d6 6. Nf3 g6 7. d4 Bg7 8. d5 Bxc3+
9. Qxc3 f6 10. Ng5 e5 11. Ne6 Qd7 12. fxe5 dxe5 13. Be2 a6 14. Bg4 h5 15. Bh3
Qa4 16. Nc7+ Kf7 17. Be6+ Kg7 18. Nxa8 Bxa8 19. O-O Nh6 20. Bxh6+ Kxh6 21. Rxf6
Kg5 22. Raf1 Kh6 23. Qe3+ Kh7 24. Rxg6 Qxc4 25. Rf7+ Kxg6 26. Qg3+ Kh6 27. Qg7#
1-0

[Event "Half-board"]
[Site "http://www.queenalice.com/game.php?id=711186"]
[Date "2010.1.9"]
[Round "-"]
[White "A19_applelover"]
[Black "E62576507"]
[Result "0-1"]
[WhiteElo "1100"]
[BlackElo "2112"]

1. e4 c5 2. Nf3 g6 3. c3 Bg7 4. Qb3 e6 5. g3 Ne7 6. d4 cxd4 7. Nxd4 Nbc6 8. Be3
O-O 9. Na3 a6 10. Nac2 d5 11. Bg2 Na5 12. Qb4 Nec6 13. Nxc6 Nxc6 14. Qb6 Qxb6
15. Bxb6 dxe4 16. Bxe4 f5 17. Bxc6 bxc6 18. Bd4 e5 19. Be3 Be6 20. O-O Rad8 21.
b3 Rd3 22. c4 f4 23. Rad1 Rxd1 24. Rxd1 fxe3 25. Nxe3 Bh6 26. Rd6 Bxe3 27. fxe3
Bh3 28. Rd1 Rf3 29. e4 Re3 30. Kf2 Rxe4 31. Rd6 Rd4 32. Rxc6 Rd2+ 33. Ke3 Rxa2
34. b4 Ra3+ 35. Kd2 e4 36. Ke1 e3 37. Rd6 Bg4 38. Rd1 Bxd1 39. Kxd1 Ra2 40. Ke1
Kf7 41. c5 Ke6 42. h4 Kd5 43. g4 Kd4 44. g5 Kd3 45. Kf1 e2+ 46. Ke1 Ke3 47. c6
Ra1# 0-1

[Event "Grand Prix VS Sicilian"]
[Site "http://www.queenalice.com/game.php?id=712629"]
[Date "2010.1.12"]
[Round "-"]
[White "E62576507"]
[Black "A19_applelover"]
[Result "1-0"]
[WhiteElo "2113"]
[BlackElo "1100"]

1. c4 c5 2. e3 d6 3. Nc3 Nc6 4. g3 g6 5. Bg2 Bd7 6. Nge2 Bg7 7. O-O e6 8. d4 b6
9. Nb5 Qb8 10. Nf4 a6 11. Nc3 Qc7 12. d5 Ne5 13. dxe6 O-O-O 14. Nfd5 Qb8 15.
exd7+ Rxd7 16. Na4 Nxc4 17. b3 Bxa1 18. bxc4 Rb7 19. Qb3 b5 20. cxb5 axb5 21.
Nb2 Ne7 22. Nf6 Ra7 23. Qxf7 Qc7 24. Bh3+ Kd8 25. Qg7 Re8 26. Nxe8 Kxe8 27. Qh8+
Kf7 28. Qxh7+ Kf8 29. e4 Rxa2 30. Bh6+ Ke8 31. Qh8+ Kf7 32. Qg7+ Ke8 33. Qf8#
1-0

[Event "AUTO-OPEN-1451"]
[Site "http://www.queenalice.com/game.php?id=722311"]
[Date "2010.1.29"]
[Round "3"]
[White "E62576507"]
[Black "kingdave"]
[Result "0-1"]
[WhiteElo "2096"]
[BlackElo "2022"]

1. e4 e5 2. Nf3 Nc6 3. Bc4 Nf6 4. Ng5 d5 5. exd5 Na5 6. d3 h6 7. Nf3 e4 8. Bb5+
Bd7 9. Bxd7+ Qxd7 10. dxe4 Nxe4 11. Qe2 Qxd5 12. Nc3 Bb4 13. Nd2 Bxc3 14. bxc3
O-O-O 15. Nxe4 Rhe8 0-1

[Event "AUTO-OPEN-1451"]
[Site "http://www.queenalice.com/game.php?id=722314"]
[Date "2010.1.29"]
[Round "3"]
[White "dutchgalego"]
[Black "E62576507"]
[Result "1-0"]
[WhiteElo "1969"]
[BlackElo "2113"]

1. d4 d5 2. Nf3 Nf6 3. e3 Bf5 4. c4 e6 5. c5 c6 6. Nc3 Nbd7 7. Be2 b6 8. b4 bxc5
9. bxc5 Rb8 10. O-O Be7 11. Bd3 Qa5 12. Bxf5 Qxc3 13. Bd2 Qc4 14. Bc2 e5 15. Bb3
Qb5 16. Bc3 Ne4 17. Qc2 Nxc3 18. Qxc3 e4 19. Nd2 O-O 20. Rfb1 Qe2 21. Nf1 1-0

[Event "AUTO-MASTER-1489"]
[Site "http://www.queenalice.com/game.php?id=981829"]
[Date "2011.9.6"]
[Round "1"]
[White "oaitsabes"]
[Black "E62576507"]
[Result "0-1"]
[WhiteElo "2076"]
[BlackElo "2093"]

1. f4 e6 2. e4 c5 3. Nf3 Nc6 4. c3 d5 5. e5 f6 6. d4 fxe5 7. fxe5 Nge7 8. Bg5
Qb6 9. Qb3 Qxb3 10. axb3 cxd4 11. cxd4 Nf5 12. Bb5 Bb4+ 13. Nc3 O-O 14. Bxc6
bxc6 15. O-O a5 16. Na4 Ba6 17. Rfc1 Bb5 18. Nc5 Bxc5 19. Rxc5 Be2 20. Ra4 Bb5
21. Ra1 h6 22. Bd2 a4 23. bxa4 Rxa4 24. Rxa4 Bxa4 25. b3 Bxb3 26. Rxc6 Bd1 27.
Bc3 Bxf3 28. gxf3 Kf7 29. Bb4 Ra8 30. Bc5 Ra4 31. Rc7+ Kg6 32. Rc6 Nxd4 33. Bxd4
Rxd4 34. Rxe6+ Kf5 35. Re7 g6 36. Re8 Rd2 37. e6 Kf6 38. h4 Re2 39. Rf8+ Ke7 40.
Kf1 Kxf8 41. Kxe2 Ke7 42. Ke3 Kxe6 43. Kd4 g5 44. h5 Kf5 0-1

[Event "AUTO-MASTER-1489"]
[Site "http://www.queenalice.com/game.php?id=981830"]
[Date "2011.9.6"]
[Round "1"]
[White "E62576507"]
[Black "oaitsabes"]
[Result "1-0"]
[WhiteElo "2077"]
[BlackElo "2022"]

1. e4 e6 2. d4 d5 3. exd5 exd5 4. Bd3 Nf6 5. c3 Be7 6. Bg5 O-O 7. Nf3 Bg4 8.
Nbd2 Nbd7 9. Qc2 Re8 10. O-O h6 11. Bxf6 Bxf6 12. Rfe1 Re6 13. Bf5 Rxe1+ 14.
Rxe1 Bxf5 15. Qxf5 c6 16. Ne5 Nxe5 17. dxe5 Qe8 18. Nf3 Bd8 19. Qh5 Qd7 20. Nd4
Bb6 21. Nf5 Kh7 22. Kh1 Bxf2 23. Rf1 Bc5 24. Nxh6 g6 25. Qh4 f5 26. Ng4+ Kg7 27.
Qh6+ Kf7 28. Qh7+ Ke8 29. Nf6+ 1-0

[Event "AUTO-MASTER-1489"]
[Site "http://www.queenalice.com/game.php?id=981847"]
[Date "2011.9.6"]
[Round "1"]
[White "E62576507"]
[Black "KLEOJ"]
[Result "1-0"]
[WhiteElo "2091"]
[BlackElo "2125"]

1. e4 e6 2. d4 d5 3. exd5 exd5 4. Bd3 Nf6 5. c3 Be7 6. Nf3 O-O 7. O-O Bg4 8. Bg5
h6 9. Bh4 Nbd7 10. Nbd2 g5 11. Bg3 Nh5 12. Qc2 Nxg3 13. fxg3 Bd6 14. Rae1 c5 15.
Ne5 Nxe5 16. dxe5 Be7 17. Bf5 Bxf5 18. Qxf5 Kg7 19. Nf3 d4 20. e6 f6 21. h4 Qe8
22. hxg5 hxg5 23. cxd4 cxd4 24. Nxd4 Rd8 25. Rf4 gxf4 26. Qg4+ Kh7 27. Kf2 fxg3+
28. Ke2 Qg6 29. Rh1+ 1-0

[Event "AUTO-MASTER-1489"]
[Site "http://www.queenalice.com/game.php?id=981848"]
[Date "2011.9.6"]
[Round "1"]
[White "KLEOJ"]
[Black "E62576507"]
[Result "1-0"]
[WhiteElo "2111"]
[BlackElo "2107"]

1. d4 d5 2. Nf3 Nf6 3. Bg5 Nbd7 4. e3 e6 5. Ne5 c6 6. c3 Bd6 7. f4 Qb6 8. Qb3
Ne4 9. Bh4 Qxb3 10. axb3 f6 11. Nxd7 Bxd7 12. Bd3 g5 13. fxg5 Nxg5 14. O-O Ke7
15. Bxg5 fxg5 16. Nd2 g4 17. e4 a6 18. e5 Bc7 19. Rf6 h5 20. Raf1 Raf8 21. b4
Rxf6 22. Rxf6 Be8 23. Nb3 Bb6 24. Kf2 Rf8 25. Rxf8 Kxf8 26. Kg3 Kg7 27. Nc1 Kh6
28. Ne2 1-0

[Event "Challenge"]
[Site "http://www.queenalice.com/game.php?id=990349"]
[Date "2011.9.26"]
[Round "-"]
[White "A19_applelover"]
[Black "E62576507"]
[Result "0-1"]
[WhiteElo "1601"]
[BlackElo "2106"]

1. Nf3 c5 2. e4 e6 3. d3 Nc6 4. b3 Nf6 5. Bb2 Be7 6. g3 O-O 7. Bg2 d5 8. Nbd2 b6
9. O-O Ba6 10. Ne5 Nb4 11. Bc3 Bd6 12. Ndf3 dxe4 13. Bxb4 cxb4 14. Nc6 Qc7 15.
Nfe5 Bxe5 16. Nxe5 Qxe5 17. Bxe4 Nxe4 18. Re1 Nxf2 19. Rxe5 Nxd1 20. Rxd1 Rac8
21. Rd2 Rc3 22. Re4 Rfc8 23. Rd4 g6 24. Rd7 Rxc2 25. Rxc2 Rxc2 26. Rxa7 Bxd3 27.
Ra4 b5 28. Rxb4 Rxa2 29. Rd4 Bc2 30. Rb4 Rb2 31. Rxb5 Rxb3 32. Rc5 Be4 33. Rc1
Rb2 34. Re1 f5 35. g4 Rg2+ 36. Kf1 Rxh2 37. gxf5 Rh1+ 38. Kf2 Rxe1 39. Kxe1 exf5
40. Kd2 h5 41. Ke3 h4 42. Kf2 g5 43. Kg1 g4 44. Kf2 f4 45. Kg1 g3 46. Kf1 f3 47.
Kg1 h3 0-1